Adam Bede /

Bibliographic Details
Main Author: Eliot, George, 1819-1880
Format: Book
Language:English
Published: Boston : D. Estes, [between 1900 and 1999?]
Series:Illustrated Sterling edition.

MARC

Tag First Indicator Second Indicator Subfields
LEADER 00000cam a22000005 4500
001 in00000608939
005 20151014093852.0
008 790622q19001979maua 00011 eng d
035 |a (OCoLC)05097581 
035 |9 ACR0917AM 
040 |a ZYU  |c ZYU  |d m.c.  |d TXA  |d UtOrBLW 
049 |a TXAM  |c [A10996713] 
090 |a PR4656  |b .A1 1900z 
100 1 |a Eliot, George,  |d 1819-1880. 
245 1 0 |a Adam Bede /  |c by George Eliot. 
264 1 |a Boston :  |b D. Estes,  |c [between 1900 and 1999?] 
300 |a 557 pages :  |b illustrations ;  |c 21 cm. 
336 |a text  |b txt  |2 rdacontent 
337 |a unmediated  |b n  |2 rdamedia 
338 |a volume  |b nc  |2 rdacarrier 
490 1 |a Illustrated sterling edition 
830 0 |a Illustrated Sterling edition. 
999 |a MARS 
999 f f |s fc6671c2-816c-3481-9a0d-3aaf88991fb7  |i 3b853fa1-4e9f-3313-9073-52f41ef22b81  |t 0 
952 f f |p ric  |a Texas A&M University  |b Rellis Campus  |c Joint Library Facility  |d Remote Storage  |t 0  |e PR4656 .A1 1900z  |h Library of Congress classification  |i unmediated -- volume  |m A14810996713 
998 f f |a PR4656 .A1 1900z  |t 0  |l Remote Storage